000
00319nam a22001097a 4500
008
221101b |||||||| |||| 00| 0 eng d
020
_a
9780495912149
050
_a
P .106 .F56 2012
245
_a
Language:
_b
its structure and use/
300
_a
564P.
_c
24cm
942
_2
lcc
_c
BOOKS
_h
P .106 .F56 2012
999
_c
29150
_d
29150